| 000 | 00513nam a22001697a 4500 | ||
|---|---|---|---|
| 999 |
_c8595 _d8595 |
||
| 008 | 201208b ||||| |||| 00| 0 eng d | ||
| 040 | _aBMS College of Architecture | ||
| 100 | _aChauhan, Anjani | ||
| 245 | _aShoonya- the starting point | ||
| 300 | _avi,64p. | ||
| 500 | _a1BM12AT006 | ||
| 502 |
_8B,Arch _NBMS College of Architecture, Visvesvaraya Technological University (VTU) _aProject report _d2016 |
||
| 650 | _aNA | ||
| 700 |
_aSowmya Muralidhar _eGuide |
||
| 700 |
_aSrikanth _eGuide |
||
| 942 |
_2ddc _cTHE |
||